000 004000000a22001090004500
090 _aAS
_bSeriadas
245 1 0 _aNueva especie de Cissia (<Lepidoptera: Nymphalidae: Satyrinae>), para Colombia
041 0 _aEspaƱol
100 1 _aAndrade Correa, Miguel Gonzalo
_96881
942 _cARTICULO
773 1 _tRevista de la Academia Colombiana de Ciencias Exactas, Fisicas y Naturales
_332
_h69
_q265-268
_d1991
_g18
999 _c14012
_d14012